| 000 | 00500nam a22001817a 4500 | ||
|---|---|---|---|
| 003 | CEME | ||
| 005 | 20210628202941.0 | ||
| 008 | 210212b xxu||||| |||| 00| 0 eng d | ||
| 020 | _a81-7808-562-3 | ||
| 040 | _c. | ||
| 082 | _a005.133 ]BE | ||
| 100 |
_aOberg, Robert.J _962507 |
||
| 245 | _aIntroduction to c, using net | ||
| 260 |
_aINDIA _bPEARSON EDUCATION ASIA _c2002 |
||
| 300 | _aXXIII,452P | ||
| 650 |
_aC-COMPUTER PROGRAM LANGUAGE; COMPUTER PROGRAM LANGUAGE-C _960749 |
||
| 942 |
_cBK _2ddc |
||
| 999 |
_c571598 _d571598 |
||